000 00555nam a2200205Ia 4500
003 OSt
005 20230605143304.0
008 210423s2001 xx 000 0 und d
040 _cAL
041 _aeng
082 _a331
_223
_bSARA
100 _aSARMA (A M)
_963198
245 _aAspects of labour welfare and social security
260 _bHimalaya Publishing House
_c2001
365 _b125
_cINR
650 _aEconomics
_963199
650 _aLabour Economics
_963200
906 _aAspects ; labour ; security ; social ; welfare
942 _2ddc
_cBK
999 _c172989
_d172989